[Event "CAN-op"]
[Site "Kapuskasing CAN"]
[Date "2004.07.11"]
[Round "2"]
[White "Jonkman, Harmen"]
[Black "Belorusov, Mikhail"]
[Result "1-0"]
[WhiteElo "2425"]
[BlackElo "2328"]
[PlyCount "100"]
[GameId "2160767911095240"]
[EventDate "2004.07.10"]
[EventType "swiss"]
[EventRounds "10"]
[EventCountry "CAN"]
[SourceTitle "CBM 101 Extra"]
[Source "ChessBase"]
[SourceDate "2004.09.01"]
[SourceVersion "2"]
[SourceVersionDate "2004.09.01"]
[SourceQuality "1"]

1. e4 e6 2. d4 d5 3. e5 c5 4. c3 Nc6 5. Nf3 Bd7 6. Be2 Rc8 7. O-O Qb6 8. dxc5 Bxc5 9. b4 Bf8 10. Bf4 Nge7 11. Bd3 a6 12. Nbd2 Ng6 13. Bg3 Na7 14. Rc1 Bb5 15. Bxb5+ axb5 16. a4 Be7 17. a5 Qa6 18. Nd4 Nc6 19. N4f3 O-O 20. Qe2 Rc7 21. Qe3 Rfc8 22. Nb3 Nb8 23. h4 h6 24. h5 Nf8 25. Bf4 Nh7 26. Rfe1 b6 27. axb6 Rb7 28. Na5 Rxb6 29. Ra1 Nd7 30. Nc6 Rbxc6 31. Rxa6 Rxa6 32. Nd4 Rb8 33. Qd3 Rab6 34. Ra1 Bd8 35. Ra7 Nhf8 36. Bg3 Kh8 37. Kh2 Kg8 38. f4 f6 39. Qe2 fxe5 40. fxe5 Rc8 41. Nxb5 Rc4 42. Nd6 Rxc3 43. Qf1 Rxb4 44. Qf7+ Kh7 45. Rxd7 Nxd7 46. Qg6+ Kg8 47. Qxe6+ Kh7 48. Qg6+ Kg8 49. Nf5 Rxg3 50. Kxg3 Kf8 1-0

[Event "CAN-op"]
[Site "Kapuskasing CAN"]
[Date "2004.07.11"]
[Round "2"]
[White "Krayushkin, Victor"]
[Black "Mikhalevski, Victor"]
[Result "0-1"]
[WhiteElo "2204"]
[BlackElo "2551"]
[PlyCount "66"]
[GameId "2160767911095242"]
[EventDate "2004.07.10"]
[EventType "swiss"]
[EventRounds "10"]
[EventCountry "CAN"]
[SourceTitle "CBM 101 Extra"]
[Source "ChessBase"]
[SourceDate "2004.09.01"]
[SourceVersion "2"]
[SourceVersionDate "2004.09.01"]
[SourceQuality "1"]

1. Nf3 Nf6 2. g3 d5 3. Bg2 c5 4. O-O Nc6 5. d4 e6 6. c4 dxc4 7. Qa4 Bd7 8. dxc5 Bxc5 9. Qxc4 Qe7 10. Bg5 h6 11. Bxf6 gxf6 12. Nc3 Rc8 13. Rad1 f5 14. e3 a6 15. a4 Ba7 16. Qh4 Qxh4 17. Nxh4 Ke7 18. Rd2 Rhd8 19. Re1 Be8 20. Rxd8 Rxd8 21. Rd1 Rc8 22. Kf1 Na5 23. Nf3 Nc4 24. Rb1 b6 25. Ne2 Bc6 26. Ke1 Bxa4 27. Nfd4 Na5 28. Ra1 b5 29. b3 Bxd4 30. Nxd4 Nxb3 31. Nxb3 Bxb3 32. Rxa6 Rc1+ 33. Kd2 Rc2+ 0-1

[Event "CAN-op"]
[Site "Kapuskasing CAN"]
[Date "2004.07.11"]
[Round "2"]
[White "Kret, Ted"]
[Black "Miroshnichenko, Evgenij"]
[Result "0-1"]
[WhiteElo "2142"]
[BlackElo "2615"]
[PlyCount "54"]
[GameId "2160767911095243"]
[EventDate "2004.07.10"]
[EventType "swiss"]
[EventRounds "10"]
[EventCountry "CAN"]
[SourceTitle "CBM 101 Extra"]
[Source "ChessBase"]
[SourceDate "2004.09.01"]
[SourceVersion "2"]
[SourceVersionDate "2004.09.01"]
[SourceQuality "1"]

1. d4 Nf6 2. c4 g6 3. Nc3 Bg7 4. e4 O-O 5. Nf3 d6 6. Be2 Na6 7. Qc2 Nb4 8. Qb1 e5 9. d5 Nh5 10. a3 Na6 11. O-O Nf4 12. Ne1 f5 13. Bf3 Nc5 14. b4 Nxe4 15. Nxe4 fxe4 16. Bxe4 Ne2+ 17. Kh1 Nc3 18. Qc2 Nxe4 19. Qxe4 a5 20. Bb2 axb4 21. axb4 Rxa1 22. Bxa1 Bf5 23. Qe3 b5 24. c5 Qa8 25. Nf3 Qxd5 26. Qd2 Qxd2 27. Nxd2 Bd3 0-1

[Event "CAN-op"]
[Site "Kapuskasing CAN"]
[Date "2004.07.11"]
[Round "2"]
[White "Krnan, Tomas"]
[Black "Wang, David"]
[Result "0-1"]
[WhiteElo "2331"]
[BlackElo "2110"]
[PlyCount "132"]
[GameId "2160767911095244"]
[EventDate "2004.07.10"]
[EventType "swiss"]
[EventRounds "10"]
[EventCountry "CAN"]
[SourceTitle "CBM 101 Extra"]
[Source "ChessBase"]
[SourceDate "2004.09.01"]
[SourceVersion "2"]
[SourceVersionDate "2004.09.01"]
[SourceQuality "1"]

1. e4 e5 2. Nf3 Nc6 3. Bb5 a6 4. Ba4 Nf6 5. O-O Nxe4 6. d4 b5 7. Bb3 d5 8. dxe5 Be6 9. c3 Bc5 10. Nbd2 O-O 11. Bc2 Nxf2 12. Rxf2 f6 13. exf6 Bxf2+ 14. Kxf2 Qxf6 15. Nf1 Ne5 16. Be3 Rae8 17. Bc5 Nxf3 18. gxf3 Rf7 19. Kg2 d4 20. Bxd4 Qg5+ 21. Ng3 c5 22. Bf2 Bd5 23. Be4 Bxe4 24. fxe4 Rd8 25. Qh5 Qxh5 26. Nxh5 Rd2 27. Rf1 Rxb2 28. Ng3 Rxa2 29. Nf5 Rc2 30. c4 b4 31. Rb1 Rxf2+ 32. Kxf2 g6 33. Ke3 gxf5 34. e5 a5 35. Kf4 a4 36. e6 Re7 37. Kxf5 a3 38. Kf6 a2 39. Rd1 Rxe6+ 40. Kxe6 b3 41. Kf6 h5 42. Rg1+ Kf8 43. Ra1 Ke8 44. Ke6 Kd8 45. Kd6 Kc8 46. Kc6 Kb8 47. Kxc5 b2 48. Rxa2 b1=Q 49. Rd2 Kc7 50. Kd4 Kc6 51. Kc3 Qc1+ 52. Rc2 Qe1+ 53. Kb3 Kc5 54. Kb2 h4 55. Kb3 Qb4+ 56. Ka2 h3 57. Ka1 Kd4 58. c5 Kd3 59. Rb2 Qa3+ 60. Kb1 Qxc5 61. Rb3+ Kd2 62. Rb2+ Kd1 63. Ka2 Ke1 64. Kb1 Kf1 65. Rd2 Kg1 66. Rb2 Qc3 0-1

[Event "CAN-op"]
[Site "Kapuskasing CAN"]
[Date "2004.07.11"]
[Round "2"]
[White "Kudrin, Sergey"]
[Black "Bluvshtein, Ilia"]
[Result "1-0"]
[WhiteElo "2563"]
[BlackElo "2173"]
[PlyCount "77"]
[GameId "2160767911095245"]
[EventDate "2004.07.10"]
[EventType "swiss"]
[EventRounds "10"]
[EventCountry "CAN"]

1. e4 e5 2. Nf3 Nc6 3. Bb5 f5 4. Nc3 Nf6 5. exf5 e4 6. Nh4 Be7 7. d3 d5 8. dxe4 dxe4 9. Qxd8+ Bxd8 10. Bg5 O-O 11. O-O-O Ne5 12. Rhe1 h6 13. Bxf6 Bxf6 14. Rxe4 Bg5+ 15. Kb1 Bxh4 16. Rxh4 Bxf5 17. Rhd4 c6 18. Be2 Rae8 19. f3 g5 20. Ne4 Re7 21. Nd6 Bg6 22. Nc4 Nxc4 23. Bxc4+ Bf7 24. Bd3 Rfe8 25. Kc1 Kg7 26. Rd6 Rf8 27. a3 Rfe8 28. b4 Rc8 29. Kd2 Rcc7 30. h4 Re6 31. Rxe6 Bxe6 32. hxg5 hxg5 33. Rh1 Bf7 34. Rh7+ Kg8 35. Rh6 c5 36. b5 Rd7 37. Kc3 Kg7 38. Rh1 Kf6 39. Bc4 1-0

[Event "CAN-op"]
[Site "Kapuskasing CAN"]
[Date "2004.07.11"]
[Round "2"]
[White "Molchanov, Yevhen"]
[Black "Henry, Liam"]
[Result "1/2-1/2"]
[WhiteElo "2104"]
[BlackElo "2062"]
[PlyCount "130"]
[GameId "2160767911095246"]
[EventDate "2004.07.10"]
[EventType "swiss"]
[EventRounds "10"]
[EventCountry "CAN"]
[SourceTitle "CBM 101 Extra"]
[Source "ChessBase"]
[SourceDate "2004.09.01"]
[SourceVersion "2"]
[SourceVersionDate "2004.09.01"]
[SourceQuality "1"]

1. d4 Nf6 2. c4 g6 3. Nc3 Bg7 4. e4 d6 5. f3 Nc6 6. Bg5 e5 7. d5 Nd4 8. Nge2 Nxe2 9. Bxe2 h6 10. Be3 O-O 11. Qd2 Kh7 12. g4 Nd7 13. h4 a5 14. h5 g5 15. a3 Nc5 16. Bd1 Bd7 17. b3 c6 18. Rc1 cxd5 19. cxd5 b5 20. b4 axb4 21. axb4 Na4 22. Bxa4 bxa4 23. Qa2 Qb8 24. Qa3 Rc8 25. Rh2 Bb5 26. Nxb5 Qxb5 27. Rhc2 Rxc2 28. Rxc2 Rb8 29. Bd2 Bf6 30. Qc3 Bd8 31. Qc6 Qd3 32. Qxd6 Qxc2 33. Qxb8 a3 34. Qa7 a2 35. Qxf7+ Kh8 36. Qf8+ Kh7 37. Qf7+ Kh8 38. Qe8+ Kg7 39. Qd7+ Kg8 40. Qxd8+ Kg7 41. Qe7+ Kg8 42. Qe6+ Kf8 43. Qxh6+ Kf7 44. Qg6+ Kf8 45. Qf6+ Kg8 46. Qxg5+ Kh7 47. Qe7+ Kg8 48. Qg5+ Kh7 49. Qe7+ Kg8 50. Qe6+ Kh7 51. Qe7+ Kg8 52. Qxe5 Qb1+ 53. Ke2 a1=Q 54. Qxa1 Qxa1 55. h6 Qg1 56. Be3 Qh2+ 57. Bf2 Qxh6 58. b5 Qc1 59. b6 Qc4+ 60. Ke3 Qc5+ 61. Ke2 Qc4+ 62. Kd2 Qb4+ 63. Ke2 Qc4+ 64. Kd2 Qb4+ 65. Ke2 Qc4+ 1/2-1/2

[Event "CAN-op"]
[Site "Kapuskasing CAN"]
[Date "2004.07.11"]
[Round "2"]
[White "Nickoloff, Bryon"]
[Black "Fridman, Daniel"]
[Result "1/2-1/2"]
[WhiteElo "2405"]
[BlackElo "2594"]
[PlyCount "88"]
[GameId "2160767911095248"]
[EventDate "2004.07.10"]
[EventType "swiss"]
[EventRounds "10"]
[EventCountry "CAN"]
[SourceTitle "CBM 101 Extra"]
[Source "ChessBase"]
[SourceDate "2004.09.01"]
[SourceVersion "2"]
[SourceVersionDate "2004.09.01"]
[SourceQuality "1"]

1. d4 d5 2. c4 e6 3. Nc3 c6 4. e4 Bb4 5. exd5 cxd5 6. cxd5 Qxd5 7. Nf3 Nf6 8. Bd3 Nc6 9. O-O Qa5 10. Qc2 Be7 11. a3 O-O 12. Bf4 a6 13. Rad1 g6 14. Rfe1 Rd8 15. Bc4 Bf8 16. Ne4 Nxe4 17. Qxe4 Bg7 18. d5 exd5 19. Bxd5 Bf5 20. Bxf7+ Kh8 21. Rxd8+ Qxd8 22. Qe8+ Qxe8 23. Rxe8+ Rxe8 24. Bxe8 Bxb2 25. Bxc6 bxc6 26. Be5+ Bxe5 27. Nxe5 c5 28. Kf1 Kg7 29. Ke2 Kf6 30. Nd3 c4 31. Nc5 Ke5 32. Kd2 Kd4 33. Nxa6 c3+ 34. Kd1 Be4 35. f3 Bb7 36. Nb4 Ke3 37. Ke1 Bc8 38. Nc2+ Kd3 39. Kd1 Bd7 40. Nb4+ Ke3 41. Nd5+ Kf2 42. Nxc3 Kxg2 43. Ke2 g5 44. Nd5 Bb5+ 1/2-1/2

[Event "CAN-op"]
[Site "Kapuskasing CAN"]
[Date "2004.07.11"]
[Round "2"]
[White "Palsson, Halldor"]
[Black "Tseitlin, Mark D"]
[Result "0-1"]
[WhiteElo "2102"]
[BlackElo "2484"]
[PlyCount "66"]
[GameId "2160767911095249"]
[EventDate "2004.07.10"]
[EventType "swiss"]
[EventRounds "10"]
[EventCountry "CAN"]
[SourceTitle "CBM 101 Extra"]
[Source "ChessBase"]
[SourceDate "2004.09.01"]
[SourceVersion "2"]
[SourceVersionDate "2004.09.01"]
[SourceQuality "1"]

1. d4 Nf6 2. c4 g6 3. Nc3 d5 4. cxd5 Nxd5 5. e4 Nxc3 6. bxc3 Bg7 7. Nf3 c5 8. Rb1 O-O 9. Be2 b6 10. O-O Bb7 11. Qd3 e6 12. Bg5 Qc7 13. d5 exd5 14. exd5 Nd7 15. c4 Rfe8 16. Qd2 Nf6 17. Bd3 Ne4 18. Qf4 Qxf4 19. Bxf4 Nc3 20. Rb3 Nxa2 21. Bd2 Bf8 22. Ra1 Nb4 23. Bf1 a5 24. Bf4 a4 25. Rbb1 a3 26. Be5 Bg7 27. Bxg7 Kxg7 28. Rb3 a2 29. Rb2 Ra3 30. Nd2 Bc8 31. h3 h5 32. g3 Bf5 33. Kg2 Rea8 0-1

[Event "CAN-op"]
[Site "Kapuskasing CAN"]
[Date "2004.07.11"]
[Round "2"]
[White "Pauric, Allen"]
[Black "Doubleday, William"]
[Result "0-1"]
[WhiteElo "1982"]
[BlackElo "2086"]
[PlyCount "115"]
[GameId "2160767911095251"]
[EventDate "2004.07.10"]
[EventType "swiss"]
[EventRounds "10"]
[EventCountry "CAN"]

1. d4 d5 2. Nf3 Nf6 3. Bf4 c5 4. c3 e6 5. Nbd2 Nc6 6. e3 Be7 7. Bd3 O-O 8. O-O b6 9. Qe2 Bb7 10. Rfe1 Rc8 11. Ne5 Nxe5 12. Bxe5 Bd6 13. Nf3 Ne4 14. Bxd6 Qxd6 15. Bxe4 dxe4 16. Nd2 Qc7 17. Rad1 e5 18. dxc5 Qxc5 19. Nb3 Qc7 20. Rd2 Rfd8 21. Red1 h6 22. Rxd8+ Rxd8 23. Rxd8+ Qxd8 24. Qd2 Qd5 25. Qxd5 Bxd5 26. Kf1 Kf8 27. Ke1 Ke7 28. Nd2 Bxa2 29. b3 a5 30. c4 Kd6 31. Nxe4+ Kc6 32. Nd2 Kc5 33. Kd1 Kb4 34. Kc2 a4 35. bxa4 Bxc4 36. Ne4 Kxa4 37. Nd6 Be6 38. f4 exf4 39. exf4 g6 40. Kb2 Kb4 41. h4 h5 42. f5 Bxf5 43. Nxf7 Kc4 44. Ka3 Kd5 45. Kb4 Bd7 46. Ng5 Ke5 47. g3 Bc6 48. Nf7+ Ke4 49. Kc3 Bd5 50. Ng5+ Ke3 51. Nh7 Kf3 52. Kd4 Bc6 53. Ke5 Kxg3 54. Kf6 Kxh4 55. Nf8 Be4 56. Ne6 Kg4 57. Ke5 Bf5 58. Nd4 0-1

[Event "CAN-op"]
[Site "Kapuskasing CAN"]
[Date "2004.07.11"]
[Round "2"]
[White "Quan Zhe"]
[Black "Gokhale, Chandrashekhar"]
[Result "0-1"]
[WhiteElo "2324"]
[BlackElo "2407"]
[PlyCount "98"]
[GameId "2160767911095252"]
[EventDate "2004.07.10"]
[EventType "swiss"]
[EventRounds "10"]
[EventCountry "CAN"]
[SourceTitle "CBM 101 Extra"]
[Source "ChessBase"]
[SourceDate "2004.09.01"]
[SourceVersion "2"]
[SourceVersionDate "2004.09.01"]
[SourceQuality "1"]

1. d4 Nf6 2. c4 e6 3. Nc3 d5 4. cxd5 exd5 5. Bg5 Be7 6. e3 c6 7. Bd3 O-O 8. Nge2 Nbd7 9. Qc2 Re8 10. O-O Nf8 11. f3 g6 12. Bh4 Ne6 13. Rae1 Nh5 14. Bf2 Bf6 15. Qd2 Bg7 16. b4 a6 17. Bb1 Nf6 18. Kh1 Nd7 19. e4 Nb6 20. e5 Nc4 21. Qc1 f5 22. f4 Bf8 23. g4 Ng7 24. gxf5 Bxf5 25. Ne4 dxe4 26. Qxc4+ Qd5 27. Qxd5+ cxd5 28. b5 Bb4 29. Rc1 axb5 30. Nc3 Bxc3 31. Rxc3 Ne6 32. Be3 Ra4 33. Rd1 Rc4 34. Rb3 b4 35. Kg2 Bg4 36. Rd2 Rec8 37. Kf2 Rf8 38. Kg3 h5 39. h3 g5 40. hxg4 gxf4+ 41. Bxf4 Rxf4 42. gxh5 Rc3+ 43. Kh2 Rh4+ 44. Kg1 Rc1+ 45. Kg2 Nf4+ 46. Kg3 Rch1 47. Bxe4 dxe4 48. d5 Nxh5+ 49. Kf2 R4h2+ 0-1

[Event "CAN-op"]
[Site "Kapuskasing CAN"]
[Date "2004.07.11"]
[Round "2"]
[White "Tyomkin, Dimitri"]
[Black "Lapshun, Yury"]
[Result "1/2-1/2"]
[WhiteElo "2498"]
[BlackElo "2444"]
[PlyCount "49"]
[GameId "2160767911095253"]
[EventDate "2004.07.10"]
[EventType "swiss"]
[EventRounds "10"]
[EventCountry "CAN"]
[SourceTitle "CBM 101 Extra"]
[Source "ChessBase"]
[SourceDate "2004.09.01"]
[SourceVersion "2"]
[SourceVersionDate "2004.09.01"]
[SourceQuality "1"]

1. e4 e5 2. Nf3 Nc6 3. Bc4 Nf6 4. d3 Be7 5. O-O O-O 6. Re1 d6 7. a4 Be6 8. a5 a6 9. h3 Qd7 10. Nc3 Rfe8 11. Bg5 h6 12. Bxf6 Bxf6 13. Nd5 Bd8 14. c3 Ne7 15. Nxe7+ Bxe7 16. Bxe6 Qxe6 17. d4 c6 18. Qa4 Rad8 19. Rad1 exd4 20. Nxd4 Qe5 21. Nf3 Qe6 22. Nd4 Qe5 23. Nf3 Qe6 24. Nd4 Qe5 25. Nf3 1/2-1/2

[Event "CAN-op"]
[Site "Kapuskasing CAN"]
[Date "2004.07.11"]
[Round "2"]
[White "Zatonskih, Anna"]
[Black "Moiseenko, Alexander"]
[Result "1/2-1/2"]
[WhiteElo "2445"]
[BlackElo "2640"]
[PlyCount "31"]
[GameId "2160767911095254"]
[EventDate "2004.07.10"]
[EventType "swiss"]
[EventRounds "10"]
[EventCountry "CAN"]
[SourceTitle "CBM 101 Extra"]
[Source "ChessBase"]
[SourceDate "2004.09.01"]
[SourceVersion "2"]
[SourceVersionDate "2004.09.01"]
[SourceQuality "1"]

1. e4 c5 2. Nf3 Nc6 3. Bb5 e6 4. Bxc6 bxc6 5. b3 f6 6. O-O Nh6 7. d4 Nf7 8. Ba3 cxd4 9. Bxf8 Kxf8 10. Qxd4 d6 11. c4 c5 12. Qe3 g6 13. Nc3 Kg7 14. Rad1 Bb7 15. Ne1 Re8 16. f4 1/2-1/2

[Event "CAN-op"]
[Site "Kapuskasing CAN"]
[Date "2004.07.11"]
[Round "3"]
[White "Barber, Glen"]
[Black "Betaneli, Alexander"]
[Result "0-1"]
[WhiteElo "1974"]
[BlackElo "2228"]
[PlyCount "78"]
[GameId "2160767911095255"]
[EventDate "2004.07.10"]
[EventType "swiss"]
[EventRounds "10"]
[EventCountry "CAN"]
[SourceTitle "CBM 101 Extra"]
[Source "ChessBase"]
[SourceDate "2004.09.01"]
[SourceVersion "2"]
[SourceVersionDate "2004.09.01"]
[SourceQuality "1"]

1. e4 e5 2. Nf3 Nc6 3. Bb5 a6 4. Ba4 d6 5. O-O Bd7 6. c3 Nge7 7. d4 Ng6 8. Re1 Be7 9. Nbd2 O-O 10. Nf1 Nh4 11. Bxc6 Nxf3+ 12. Qxf3 Bxc6 13. Ng3 Bg5 14. dxe5 dxe5 15. Rd1 Qf6 16. Bxg5 Qxg5 17. Qd3 g6 18. Qd2 Qh4 19. Qe1 Rad8 20. f3 Qf4 21. Rxd8 Rxd8 22. Rd1 Rxd1 23. Qxd1 Qe3+ 24. Kf1 Bb5+ 25. Ne2 Kg7 26. Qc2 Bd3 27. Qd1 c5 28. Ke1 Bxe2 29. Qxe2 Qg1+ 30. Kd2 Qxh2 31. b4 cxb4 32. cxb4 Qg1 33. Kc3 h5 34. b5 Qc5+ 35. Qc4 Qxb5 36. Qxb5 axb5 37. Kb4 f5 38. Kxb5 fxe4 39. fxe4 g5 0-1

[Event "CAN-op"]
[Site "Kapuskasing CAN"]
[Date "2004.07.11"]
[Round "3"]
[White "Fridman, Daniel"]
[Black "Tyomkin, Dimitri"]
[Result "1/2-1/2"]
[WhiteElo "2594"]
[BlackElo "2498"]
[PlyCount "51"]
[GameId "2160767911095258"]
[EventDate "2004.07.10"]
[EventType "swiss"]
[EventRounds "10"]
[EventCountry "CAN"]
[SourceTitle "CBM 101 Extra"]
[Source "ChessBase"]
[SourceDate "2004.09.01"]
[SourceVersion "2"]
[SourceVersionDate "2004.09.01"]
[SourceQuality "1"]

1. Nf3 Nf6 2. c4 g6 3. g3 Bg7 4. Bg2 O-O 5. O-O c6 6. d4 d5 7. cxd5 cxd5 8. Ne5 Ng4 9. Nxg4 Bxg4 10. Nc3 Nc6 11. h3 Bd7 12. e3 e6 13. b3 Rc8 14. Bb2 a6 15. Rc1 b5 16. Ne2 Qb6 17. Nf4 Ne7 18. Qd2 b4 19. Nd3 a5 20. a4 Rxc1 21. Rxc1 Rc8 22. Nc5 Be8 23. Bf1 Nf5 24. Na6 Rxc1 25. Qxc1 Bc6 26. Qc5 1/2-1/2

[Event "CAN-op"]
[Site "Kapuskasing CAN"]
[Date "2004.07.11"]
[Round "3"]
[White "Harper, Ryan"]
[Black "Kret, Ted"]
[Result "1/2-1/2"]
[WhiteElo "2207"]
[BlackElo "2142"]
[PlyCount "73"]
[GameId "2160767911095259"]
[EventDate "2004.07.10"]
[EventType "swiss"]
[EventRounds "10"]
[EventCountry "CAN"]
[SourceTitle "CBM 101 Extra"]
[Source "ChessBase"]
[SourceDate "2004.09.01"]
[SourceVersion "2"]
[SourceVersionDate "2004.09.01"]
[SourceQuality "1"]

1. e4 e6 2. d4 d5 3. Nc3 Nf6 4. e5 Nfd7 5. f4 c5 6. Nf3 Nc6 7. Be3 a6 8. Qd2 b5 9. Ne2 Bb7 10. h4 Rc8 11. h5 Nb6 12. Ng3 Na4 13. Rb1 Nb4 14. c3 cxd4 15. Bxd4 Nc6 16. f5 Nxd4 17. Nxd4 Qc7 18. fxe6 Qxe5+ 19. Nge2 fxe6 20. Rh3 Nc5 21. Qe3 Qe4 22. Qxe4 dxe4 23. Nc1 Bd5 24. Ncb3 e5 25. Nf5 Nxb3 26. axb3 Bxb3 27. Ra1 Rd8 28. Ne3 Be6 29. Rh4 Bc8 30. Rxe4 Bd6 31. Be2 O-O 32. Bg4 Bxg4 33. Rxg4 Bc5 34. Re4 Rde8 35. Nc2 Rf2 36. Re2 Ref8 37. Rxe5 1/2-1/2

[Event "CAN-op"]
[Site "Kapuskasing CAN"]
[Date "2004.07.11"]
[Round "3"]
[White "Kunte, Abhijit"]
[Black "Nataf, Igor A"]
[Result "1/2-1/2"]
[WhiteElo "2532"]
[BlackElo "2553"]
[PlyCount "20"]
[GameId "2160767911095260"]
[EventDate "2004.07.10"]
[EventType "swiss"]
[EventRounds "10"]
[EventCountry "CAN"]
[SourceTitle "CBM 101 Extra"]
[Source "ChessBase"]
[SourceDate "2004.09.01"]
[SourceVersion "2"]
[SourceVersionDate "2004.09.01"]
[SourceQuality "1"]

1. d4 Nf6 2. Nf3 g6 3. g3 Bg7 4. Bg2 O-O 5. O-O d5 6. c4 c6 7. cxd5 cxd5 8. Nc3 Ne4 9. e3 Nxc3 10. bxc3 Nc6 1/2-1/2

[Event "CAN-op"]
[Site "Kapuskasing CAN"]
[Date "2004.07.11"]
[Round "3"]
[White "Mikhalevski, Victor"]
[Black "Gokhale, Chandrashekhar"]
[Result "1/2-1/2"]
[WhiteElo "2551"]
[BlackElo "2407"]
[PlyCount "119"]
[GameId "2160767911095261"]
[EventDate "2004.07.10"]
[EventType "swiss"]
[EventRounds "10"]
[EventCountry "CAN"]
[SourceTitle "CBM 101 Extra"]
[Source "ChessBase"]
[SourceDate "2004.09.01"]
[SourceVersion "2"]
[SourceVersionDate "2004.09.01"]
[SourceQuality "1"]

1. d4 Nf6 2. c4 e6 3. g3 Bb4+ 4. Bd2 Qe7 5. Bg2 Nc6 6. Nf3 Bxd2+ 7. Nbxd2 d6 8. O-O O-O 9. e4 a5 10. a3 a4 11. Qc2 e5 12. d5 Nb8 13. Ne1 Nbd7 14. Nd3 b6 15. f4 Nc5 16. Nb4 Bd7 17. Rae1 Rfb8 18. Qc3 Re8 19. Re2 Rab8 20. Bf3 h6 21. Bg2 b5 22. Ree1 bxc4 23. Nxc4 Bb5 24. fxe5 dxe5 25. Rf5 Ncd7 26. Rc1 g6 27. Rf2 Ng4 28. Rf3 f5 29. Nd2 Qg5 30. h3 Ngf6 31. Qe3 Qh5 32. Rxc7 Rbc8 33. Rc3 Rxc3 34. Qxc3 Nxe4 35. Nxe4 fxe4 36. Re3 Nf6 37. d6 Qd1+ 38. Re1 Qxd6 39. Qe3 Qd4 40. Kh2 Qxe3 41. Rxe3 Rd8 42. b3 Rd2 43. Kg1 axb3 44. Rxb3 Kf7 45. Re3 Rd4 46. Kf2 Ke6 47. Ke1 Ba4 48. Re2 Kd6 49. Kf2 Bd1 50. Rb2 g5 51. Ke3 g4 52. Bf1 gxh3 53. Bxh3 Bg4 54. Bg2 Be6 55. Ke2 Kc5 56. Rc2+ Bc4+ 57. Ke1 Ng4 58. Rc3 Kb5 59. Bh3 Nh2 60. Bg4 1/2-1/2

[Event "CAN-op"]
[Site "Kapuskasing CAN"]
[Date "2004.07.11"]
[Round "3"]
[White "Miller, Evgeny"]
[Black "Palsson, Halldor"]
[Result "1-0"]
[WhiteElo "2193"]
[BlackElo "2102"]
[PlyCount "63"]
[GameId "2160767911095262"]
[EventDate "2004.07.10"]
[EventType "swiss"]
[EventRounds "10"]
[EventCountry "CAN"]
[SourceTitle "CBM 101 Extra"]
[Source "ChessBase"]
[SourceDate "2004.09.01"]
[SourceVersion "2"]
[SourceVersionDate "2004.09.01"]
[SourceQuality "1"]

1. e4 e6 2. d4 d5 3. e5 c5 4. c3 Nc6 5. Nf3 Qb6 6. a3 Bd7 7. b4 cxd4 8. cxd4 Nge7 9. Nc3 Nf5 10. Na4 Qc7 11. Bb2 Be7 12. Bd3 O-O 13. O-O f6 14. Bxf5 exf5 15. Rc1 Qd8 16. Nc5 Bc8 17. Re1 b6 18. Nd3 Bb7 19. Qb3 Qd7 20. Nf4 Nd8 21. h4 Kh8 22. h5 Re8 23. Re3 Rf8 24. Qd3 fxe5 25. Nxe5 Qd6 26. Nfg6+ hxg6 27. Nxg6+ Kg8 28. Nxe7+ Kh8 29. Ng6+ Kg8 30. Nxf8 Qxf8 31. Rc7 Rc8 32. Qc2 1-0

[Event "CAN-op"]
[Site "Kapuskasing CAN"]
[Date "2004.07.11"]
[Round "3"]
[White "Miroshnichenko, Evgenij"]
[Black "Tseitlin, Mark D"]
[Result "1-0"]
[WhiteElo "2615"]
[BlackElo "2484"]
[PlyCount "115"]
[GameId "2160767911095263"]
[EventDate "2004.07.10"]
[EventType "swiss"]
[EventRounds "10"]
[EventCountry "CAN"]
[SourceTitle "CBM 101 Extra"]
[Source "ChessBase"]
[SourceDate "2004.09.01"]
[SourceVersion "2"]
[SourceVersionDate "2004.09.01"]
[SourceQuality "1"]

1. Nf3 Nf6 2. c4 g6 3. Nc3 d5 4. Qa4+ Bd7 5. Qb3 dxc4 6. Qxc4 a6 7. g3 b5 8. Qh4 Nc6 9. Bg2 Bg7 10. O-O Ng4 11. Qg5 O-O 12. Qc5 Rb8 13. h3 Nf6 14. d3 Re8 15. Bf4 b4 16. Nd1 Rb5 17. Qc4 e5 18. Be3 Qc8 19. Ng5 Nd8 20. Rc1 h6 21. Ne4 Nxe4 22. Qxe4 Bxh3 23. Bxh3 Qxh3 24. Rxc7 Ne6 25. Rc4 Rbb8 26. Re1 Nd4 27. b3 Qh5 28. Kg2 a5 29. f3 Qf5 30. Bxd4 Qxe4 31. dxe4 exd4 32. Nf2 Rb5 33. Rec1 f5 34. Rc5 Reb8 35. f4 fxe4 36. Nxe4 Rxc5 37. Rxc5 Ra8 38. Rb5 Ra7 39. Kf3 Bf8 40. Rd5 Bg7 41. Nc5 Re7 42. Nd3 Ra7 43. Rb5 Kf7 44. Nc5 Ra8 45. Nb7 a4 46. Rxb4 axb3 47. axb3 Bf8 48. Rxd4 Rb8 49. Rd7+ Ke6 50. Rc7 h5 51. Na5 Rb5 52. Rc6+ Kf7 53. Ra6 g5 54. e4 g4+ 55. Ke2 Bc5 56. e5 Bg1 57. Nc6 Bb6 58. b4 1-0

[Event "CAN-op"]
[Site "Kapuskasing CAN"]
[Date "2004.07.11"]
[Round "3"]
[White "Nahutin, Yevgeni"]
[Black "Lipnowski, Samuel"]
[Result "1-0"]
[WhiteElo "2047"]
[BlackElo "2127"]
[PlyCount "81"]
[GameId "2160767911095265"]
[EventDate "2004.07.10"]
[EventType "swiss"]
[EventRounds "10"]
[EventCountry "CAN"]
[SourceTitle "EXT 2022"]
[Source "ChessBase"]
[SourceDate "2021.10.06"]
[SourceVersion "1"]
[SourceVersionDate "2021.10.06"]
[SourceQuality "1"]

1. Nf3 g6 2. d4 c5 3. e3 Bg7 4. Be2 Nf6 5. O-O O-O 6. c4 cxd4 7. exd4 d5 8. c5 Nc6 9. Nc3 Ne4 10. Bf4 h6 11. h3 g5 12. Bh2 f5 13. Ne5 Nxc3 14. bxc3 Nxe5 15. Bxe5 Bxe5 16. dxe5 e6 17. Qd4 Qc7 18. f4 Bd7 19. fxg5 hxg5 20. c4 Bc6 21. cxd5 Bxd5 22. Rfc1 Rad8 23. Qe3 f4 24. Qc3 Qc6 25. Bf3 Bxf3 26. Qxf3 Qxf3 27. gxf3 Rd3 28. Rab1 Rxf3 29. Rxb7 Rxh3 30. c6 f3 31. c7 f2+ 32. Kg2 Rc3 33. Rf1 Rc2 34. Rxa7 Re2 35. Rb7 Rxa2 36. Rb8 Ra8 37. Rxa8 Rxa8 38. Rb1 Kf7 39. Rb8 Ra1 40. Kxf2 Ra2+ 41. Kg3 1-0

[Event "CAN-op"]
[Site "Kapuskasing CAN"]
[Date "2004.07.11"]
[Round "3"]
[White "Papineau (Granby), Daniel"]
[Black "Krnan, Tomas"]
[Result "0-1"]
[WhiteElo "1736"]
[BlackElo "2397"]
[PlyCount "52"]
[GameId "2160767911095267"]
[EventDate "2004.07.10"]
[EventType "swiss"]
[EventRounds "10"]
[EventCountry "CAN"]

1. d4 g6 2. c4 Bg7 3. Nc3 c5 4. d5 f5 5. h4 Bxc3+ 6. bxc3 Nf6 7. h5 Rg8 8. hxg6 hxg6 9. f3 Qa5 10. Qd3 d6 11. e3 Nbd7 12. Bd2 Qa4 13. Qb1 Nb6 14. Qb3 Bd7 15. Bd3 Qa6 16. e4 Ba4 17. Qb1 fxe4 18. fxe4 O-O-O 19. Nf3 Nxc4 20. Bg5 b5 21. Bxc4 bxc4 22. Nd2 Rh8 23. O-O Ng4 24. Rf7 Rh5 25. Nf3 Rdh8 26. Kf1 Ne5 0-1